=LDR 00000nam 2200000 4500 =001 INLIS000000000059111 =005 20211025085626 =035 ##$$a 0010-1021000559 =007 ta =008 211025###########################0###### =082 ##$$a 499.227 05 =084 ##$$a 499.227 05 Mab m =245 1#$$a Mabasan : $b Masyarakat bahasa dan sastra, vol. 14 no 1 Juni 2020 =300 ##$$a xxi, 152 halaman ; $c 28 em =600 #4$$a Bahasa-Sastra-Majalah =264 ##$$a Mataram :$b Badan pengembangan dan Pembinaan Bahasa,$c 2020 =336 ##$$a Teks$2 rdacontent =337 ##$$a Majalah$2 rdamedia =338 ##$$a Lain - lain$2 rdacarrier =990 ##$$a 23512351 =990 ##$$a 12131213